Como pagar la deuda y crecer / (Registro nro. 12839)
[ vista simple ]
| 000 -LEADER | |
|---|---|
| fixed length control field | 01074nam a2200241Ia 4500 |
| 003 - CONTROL NUMBER IDENTIFIER | |
| control field | OSt |
| 005 - DATE AND TIME OF LATEST TRANSACTION | |
| control field | 20211206124119.0 |
| 008 - FIXED-LENGTH DATA ELEMENTS--GENERAL INFORMATION | |
| fixed length control field | 210310s1989 ck gr 000 0 spa d |
| 020 ## - INTERNATIONAL STANDARD BOOK NUMBER | |
| International Standard Book Number | 9589008402 |
| 040 ## - CATALOGING SOURCE | |
| Original cataloging agency | CO-JMCR |
| Transcribing agency | CO-JMCR |
| 041 ## - LANGUAGE CODE | |
| Language code of text/sound track or separate title | spa |
| 082 04 - DEWEY DECIMAL CLASSIFICATION NUMBER | |
| Classification number | 336.3435 / |
| Item number | L434c |
| Edition number | 23 |
| 100 1# - MAIN ENTRY--PERSONAL NAME | |
| Personal name | Leader, W. |
| Relator term | autor |
| 9 (RLIN) | 29359 |
| 245 10 - TITLE STATEMENT | |
| Title | Como pagar la deuda y crecer / |
| Statement of responsibility, etc. | W. Leader |
| 260 ## - PUBLICATION, DISTRIBUTION, ETC. | |
| Place of publication, distribution, etc. | Bogotá : |
| Name of publisher, distributor, etc. | Presencia, |
| Date of publication, distribution, etc. | 1989. |
| 300 ## - PHYSICAL DESCRIPTION | |
| Extent | 33 páginas ; |
| Dimensions | 22 cm. |
| 505 0# - FORMATTED CONTENTS NOTE | |
| Formatted contents note | Función transaccional. -- Función deposito de valor. -- Función Unidad de valor. -- Función especulación. |
| 520 0# - SUMMARY, ETC. | |
| Summary, etc. | En Cómo Pagar la Deuda y Crecer, W. LEADER demuestra la capacidad de América Latina para crecer con capitales y recursos propios. Desde las primeras páginas de esta obra se plantean, los mecanismos y herramientas para dinamizar el comercio del área con los productos y monedas nacionales latinoamericanas. |
| 650 14 - SUBJECT ADDED ENTRY--TOPICAL TERM | |
| Topical term or geographic name entry element | La política monetaria |
| 9 (RLIN) | 37524 |
| 650 24 - SUBJECT ADDED ENTRY--TOPICAL TERM | |
| Topical term or geographic name entry element | Bancos y banca |
| 9 (RLIN) | 38633 |
| 650 24 - SUBJECT ADDED ENTRY--TOPICAL TERM | |
| Topical term or geographic name entry element | Bancos y banca, Internacional |
| 9 (RLIN) | 41734 |
| 942 ## - ADDED ENTRY ELEMENTS (KOHA) | |
| Source of classification or shelving scheme | Dewey Decimal Classification |
| Koha item type | Books |
| Withdrawn status | Lost status | Source of classification or shelving scheme | Damaged status | Not for loan | Home library | Current library | Shelving location | Date acquired | Source of acquisition | Total Checkouts | Full call number | Barcode | Date last seen | Date last checked out | Copy number | Price effective from | Koha item type |
|---|---|---|---|---|---|---|---|---|---|---|---|---|---|---|---|---|---|
| Dewey Decimal Classification | Biblioteca Pública José María del Castillo y Rada | Biblioteca Pública José María del Castillo y Rada | General Stacks | 04/15/2018 | Donación | 2 | 336.3435 / L434c | 430004644 | 11/07/2025 | 11/07/2025 | Ej.1 | 03/10/2021 | Books |